A carregar...
Women in rural areas
| Autor principal: | |
|---|---|
| Formato: | Printed Book |
| Idioma: | English |
| Publicado em: |
Allahabad
Chugh Publications
1992
|
| Assuntos: |
| LEADER | 00533nam a22001697a 4500 | ||
|---|---|---|---|
| 005 | 20160820112448.0 | ||
| 008 | 090923t xxu||||| |||| 00| 0 eng d | ||
| 082 | |a 396(1-22) |b PAP | ||
| 100 | |a Papa,Kondaveeti |9 2790 | ||
| 245 | |a Women in rural areas | ||
| 300 | |a vi,134p. | ||
| 653 | |a women |a rural areas | ||
| 942 | |c BK |6 _ | ||
| 260 | |a Allahabad |b Chugh Publications |c 1992 | ||
| 020 | |a 8185613605 | ||
| 999 | |c 170564 |d 170564 | ||
| 952 | |0 0 |1 0 |2 ddc |4 0 |6 396122_PAP |7 0 |9 221620 |a DAE |b DAE |d 2009-09-23 |o 396(1-22) PAP |p ECO06142 |r 2016-08-20 |w 2016-08-20 |y BK | ||